000 00441nam a22001697a 4500
020 _a81-8281-006-X
082 _a310
_bGIR/I
100 _aGIRIJA, M
100 _aSASIKALA, L
245 _aINTRODUCTION TO STATISTICS
_bSOCIAL SCIENCE
246 _aINTRODUCTION TO STATISTICS
_bSOCIAL SCIENCE
260 _aDELHI
_bVRINDA PUBLICATIONS (P) LTD
_c2004
300 _a350
520 _aSOCIAL SCIENCE
650 _aSOCIAL SCIENCE
942 _cBK
999 _c1555
_d1555